Ajbar Machmuâ (colección de tradiciones) : Crónica anónima del siglo XI, dada á luz por primera vez /
Other Authors:
Format: Book
Language: Arabic
Published:
Madrid :
M. Rivadeneyra,
1867.
Series:
Colección de obras arábigas de historia y geografía ;
1.
Subjects:
Tags: Add Tag
Call Number: (RA)DP98 .A54 1867
| LEADER | 01191nam a2200289Ia 4500 | ||
|---|---|---|---|
| 003 | OSt | ||
| 005 | 20240424105406.0 | ||
| 008 | 130303s1867 sp 000 0 ara d | ||
| 952 | |0 0 |1 0 |2 lcc |4 0 |7 1 |9 29172 |a ARCE |b ARCE |d 2022-01-25 |l 0 |o (RA)DP98 .A54 1867 |p 1022514 |r 2022-01-25 00:00:00 |w 2022-01-25 |y BK | ||
| 999 | |c 27398 |d 27398 | ||
| 040 | |c ARCE Library | ||
| 041 | 1 | |a ara |b spa | |
| 043 | |a e-sp--- | ||
| 050 | 4 | |a (RA)DP98 .A54 1867 | |
| 130 | 0 | |a Akhbār majmūʻah fī fatḥ al-Andalus. | |
| 245 | 1 | 0 | |6 880-02 |a Ajbar Machmuâ (colección de tradiciones) : |b Crónica anónima del siglo XI, dada á luz por primera vez / |c traducida y anotada por Don Emilio Lafuente y Alcantara. |
| 264 | 1 | |a Madrid : |b M. Rivadeneyra, |c 1867. | |
| 300 | |a 265, 165 p. ; |c 28 cm. | ||
| 490 | 0 | |a Colección de obras arábigas de historia y geografía ; |v 1. | |
| 546 | |a Text in Arabic and index in Spanish. | ||
| 650 | 0 | |a Arabs |z Spain |v Early works to 1800. | |
| 650 | 0 | |a Muslims |z Spain |x History. | |
| 651 | 0 | |a Spain |x History |y 711-1516. | |
| 700 | 1 | |a Lafuente y Alcántara, Emilio. | |
| 880 | 0 | 0 | |6 245-02/(3/r |a أخبار مجموعة في فتح الاندلس |
| 901 | |a reviewed | ||
| 942 | |c BK |2 lcc | ||
